[Event "1st BRICS Masters 2017"]
[Site "Fufeng CHN"]
[Date "2017.04.23"]
[Round "1.2"]
[White "Steel,H"]
[Black "Ganguly,S"]
[Result "0-1"]
[WhiteElo "2414"]
[BlackElo "2640"]

1.e4 e6 2.d4 d5 3.Nc3 Nf6 4.Bg5 dxe4 5.Nxe4 Be7 6.Bxf6 gxf6 7.Nf3 f5 8.Nc3 a6
9.g3 b5 10.Bg2 Bb7 11.O-O c5 12.dxc5 Bxc5 13.Qxd8+ Kxd8 14.Ne5 Bxg2 15.Kxg2
Ke7 16.Rad1 Rc8 17.Rfe1 Ra7 18.Ne2 Nc6 19.Nxc6+ Rxc6 20.c3 Kf6 21.Rd8 b4
22.cxb4 Bxb4 23.Rc1 Rac7 24.Rxc6 Rxc6 25.a3 Be7 26.Rd2 e5 27.Nc3 Ke6 28.Nd5
Bc5 29.Ne3 Bd4 30.Kf3 a5 31.Ke2 a4 32.Kd3 Rb6 33.Nd1 Rc6 34.Nc3 Bxc3 35.Rc2
e4+ 36.Ke2 Rb6 37.bxc3 Rb3 38.Ke3 Ke5 39.f4+ Kd5 40.Rd2+ Kc5 41.Rc2 Kc4 42.Kd2
Rxa3 43.Rb2 Rb3 {#R} 0-1

[Event "1st BRICS Masters 2017"]
[Site "Fufeng CHN"]
[Date "2017.04.23"]
[Round "1.3"]
[White "Leitao,R"]
[Black "Cawdery,D"]
[Result "1-0"]
[WhiteElo "2618"]
[BlackElo "2434"]

1.d4 Nf6 2.c4 g6 3.Nc3 d5 4.Bf4 Bg7 5.e3 O-O 6.Rc1 Be6 7.c5 c6 8.Bd3 Bc8 9.b4
Nfd7 10.Nf3 Re8 11.O-O e5 12.dxe5 a5 13.a3 axb4 14.axb4 Nxe5 15.Nxe5 Bxe5
16.Bxe5 Rxe5 17.e4 d4 18.Ne2 Na6 19.Bxa6 Rxa6 20.f3 Re7 21.Qxd4 Rd7 22.Qb2 Rd3
23.Nf4 Rd2 24.Rc2 Rxc2 25.Qxc2 Qd4+ 26.Qf2 Qxb4 27.Rd1 Kg7 28.h4 Qc3 29.Kh2
Qe5 30.Qg3 Ra2 31.Rd8 Be6 32.Re8 {#r} 1-0

[Event "1st BRICS Masters 2017"]
[Site "Fufeng CHN"]
[Date "2017.04.23"]
[Round "2.2"]
[White "Yu Yangyi"]
[Black "Motylev,A"]
[Result "1-0"]
[WhiteElo "2750"]
[BlackElo "2658"]

1.e4 e5 2.Nf3 Nc6 3.Bb5 a6 4.Ba4 Nf6 5.O-O Be7 6.d3 b5 7.Bb3 d6 8.a4 Bd7 9.c3
O-O 10.Nbd2 Na5 11.Bc2 c5 12.Re1 Qc7 13.Nf1 Rfc8 14.Bg5 Be6 15.Ne3 b4 16.cxb4
cxb4 17.d4 Ng4 18.Rc1 Bxg5 19.Nxg5 Nxe3 20.fxe3 Ba2 21.Bd3 Qd8 22.Qh5 h6
23.Nf3 Bc4 24.Bb1 Bb3 25.dxe5 Rxc1 26.Rxc1 Qb6 27.Nd4 dxe5 28.Qxe5 Bxa4 29.Nf5
Qf6 30.Qxa5 Qxb2 31.Qc7 b3 32.e5 Bd7 33.Rf1 Be6 34.Nd4 Qd2 35.Nxe6 Qxe3+
36.Kh1 Qa7 37.Qc4 {#r} 1-0

[Event "1st BRICS Masters 2017"]
[Site "Fufeng CHN"]
[Date "2017.04.23"]
[Round "2.3"]
[White "Cawdery,D"]
[Black "Sethuraman,S"]
[Result "0-1"]
[WhiteElo "2434"]
[BlackElo "2619"]

1.e4 g6 2.d4 Bg7 3.Nc3 d6 4.h3 a6 5.Nf3 b5 6.Bd3 Nf6 7.e5 Nfd7 8.e6 fxe6 9.Ng5
Nf6 10.Qe2 Nc6 11.Be3 e5 12.Nxh7 exd4 13.Bxg6+ Kd7 14.Nxf6+ Bxf6 15.Ne4 dxe3
16.Qxe3 Qg8 17.Nxf6+ exf6 18.Be4 Bb7 19.Bf5+ Kd8 20.O-O-O Qg5 {#R} 0-1

[Event "1st BRICS Masters 2017"]
[Site "Fufeng CHN"]
[Date "2017.04.23"]
[Round "2.5"]
[White "Potkin,V"]
[Black "Steel,H"]
[Result "1-0"]
[WhiteElo "2594"]
[BlackElo "2414"]

1.d4 Nf6 2.c4 g6 3.Nc3 Bg7 4.e4 O-O 5.Nf3 d6 6.h3 e5 7.d5 a5 8.Be3 Na6 9.g4
Nd7 10.a3 Nac5 11.Rg1 a4 12.Nd2 c6 13.Qc2 Nb6 14.O-O-O cxd5 15.exd5 f5 16.f3
Bd7 17.Kb1 Rc8 18.Ka2 Kh8 19.Be2 Bf6 20.g5 Bg7 21.h4 e4 22.fxe4 Nxe4 23.Ndxe4
fxe4 24.Bd4 Nxc4 25.Bxg7+ Kxg7 26.Qxe4 Ne5 27.Qb4 Rc5 28.Rgf1 Rxf1 29.Rxf1 b5
30.Qd4 Bf5 31.Bxb5 Rxb5 32.Nxb5 Bd3 33.Nxd6 Qxd6 34.Re1 Bc4+ 35.Ka1 Qxd5
36.Qxd5 Bxd5 37.Rxe5 Bb3 38.Re7+ {#r} 1-0

[Event "1st BRICS Masters 2017"]
[Site "Fufeng CHN"]
[Date "2017.04.23"]
[Round "3.1"]
[White "Sethuraman,S"]
[Black "Ganguly,S"]
[Result "1-0"]
[WhiteElo "2619"]
[BlackElo "2640"]

1.e4 e6 2.d4 d5 3.Nc3 Nf6 4.Bg5 dxe4 5.Nxe4 Be7 6.Bxf6 gxf6 7.Qd2 b6 8.Nc3 c6
9.O-O-O Bb7 10.Be2 Nd7 11.Kb1 h5 12.Nh3 f5 13.Rhe1 Qc7 14.Ng5 h4 15.Bc4 Nf8
16.d5 Rd8 17.Nb5 Qd7 18.Nxf7 cxd5 19.Nxh8 dxc4 20.Qe2 {#r} 1-0

[Event "1st BRICS Masters 2017"]
[Site "Fufeng CHN"]
[Date "2017.04.23"]
[Round "3.2"]
[White "Leitao,R"]
[Black "Potkin,V"]
[Result "0-1"]
[WhiteElo "2618"]
[BlackElo "2594"]

1.d4 d5 2.c4 c6 3.Nf3 Nf6 4.e3 Bg4 5.cxd5 cxd5 6.Nc3 Nc6 7.Qb3 Bc8 8.Ne5 e6
9.f4 Be7 10.Bd3 O-O 11.O-O Nb4 12.Be2 Bd7 13.Bd2 a5 14.a3 Nc6 15.Nxd7 Qxd7
16.Rfc1 Bd6 17.Bd3 h6 18.Na4 Qe7 19.Nc5 Ra7 20.Qa4 g5 21.fxg5 hxg5 22.e4 Bf4
23.Bxf4 gxf4 24.Qd1 dxe4 25.Bxe4 Rd8 26.Bxc6 bxc6 27.Qf3 Rxd4 28.Qxc6 Kg7
29.Nb3 Rd3 30.Qc4 Qd6 31.Nc5 Rd4 32.Qc3 e5 33.Qc2 Rd5 34.b4 axb4 35.axb4 Rxa1
36.Rxa1 Rd2 37.Qc3 Qd5 {#R} 0-1

[Event "ch-NED Junior 2017"]
[Site "Assen NED"]
[Date "2017.04.23"]
[Round "1.1"]
[White "Kalle,Erwin"]
[Black "Van Foreest,Lucas"]
[Result "0-1"]
[WhiteElo "2039"]
[BlackElo "2477"]

1.e4 e5 2.Nf3 Nc6 3.Bc4 Nf6 4.d3 Bc5 5.O-O O-O 6.Nbd2 a6 7.c3 Ba7 8.h3 d6
9.Bb3 Be6 10.Re1 h6 11.Nf1 Re8 12.Bc2 d5 13.Qe2 Qd6 14.Ng3 Rad8 15.Nh4 Ne7
16.Qf3 Nh7 17.Ngf5 Bxf5 18.Nxf5 Nxf5 19.Qxf5 Re6 20.d4 exd4 21.e5 g6 22.Qf4
Qb6 23.Qxh6 dxc3 24.Qh4 Rde8 25.bxc3 Rxe5 26.Rxe5 Rxe5 27.Qd8+ Kg7 28.Be3 Rxe3
29.fxe3 {#R} 0-1

[Event "ch-NED Junior 2017"]
[Site "Assen NED"]
[Date "2017.04.23"]
[Round "1.2"]
[White "Beerdsen,Thomas"]
[Black "Bueno,Mark"]
[Result "1-0"]
[WhiteElo "2446"]
[BlackElo "1955"]

1.e4 e5 2.Nf3 Nc6 3.Nc3 Nf6 4.h3 Bc5 5.Nxe5 Nxe5 6.d4 Bxd4 7.Qxd4 Nc6 8.Qd1 h6
9.g3 O-O 10.Bg2 d6 11.O-O Nh7 12.f4 f5 13.exf5 Bxf5 14.g4 Be6 15.b3 h5 16.g5
g6 17.Bb2 Qd7 18.Qd3 Ne7 19.Nd5 Nf5 20.Qc3 Ng7 21.Rae1 Rf7 22.Rxe6 Qxe6
23.Nxc7 Rxc7 24.Qxc7 Nf5 25.Qxb7 Qe3+ 26.Kh2 {#r} 1-0

[Event "ch-NED Junior 2017"]
[Site "Assen NED"]
[Date "2017.04.23"]
[Round "1.3"]
[White "Van Hoorn,Geert"]
[Black "Schoppen,Casper"]
[Result "0-1"]
[WhiteElo "1952"]
[BlackElo "2423"]

1.e4 e5 2.f4 exf4 3.Nf3 d5 4.exd5 Bd6 5.Bb5+ Bd7 6.Bxd7+ Nxd7 7.O-O Ne7 8.c4
O-O 9.Nc3 c6 10.dxc6 bxc6 11.d4 h6 12.Ne4 Bc7 13.b3 Re8 14.Qc2 Nf5 15.Re1 Nf6
16.Nxf6+ Qxf6 17.Rxe8+ Rxe8 18.Bb2 Ne3 19.Qf2 Qf5 20.Re1 Ba5 21.Rc1 Qe4 22.a3
Re6 23.b4 Rg6 24.Nh4 Rg4 25.bxa5 Rxh4 26.Qf3 Qg6 27.h3 Rh5 28.Kh2 Rg5 29.Rg1
Rg3 30.Qf2 Qh5 31.Qxf4 Nf5 32.Rf1 Qg6 33.Rf2 Rg5 34.a6 Nd6 35.c5 Rf5 {#R} 0-1

[Event "ch-NED Junior 2017"]
[Site "Assen NED"]
[Date "2017.04.23"]
[Round "1.4"]
[White "Kevlishvili,Robby"]
[Black "Damen,Jip"]
[Result "0-1"]
[WhiteElo "2414"]
[BlackElo "1859"]

1.e4 g6 2.d4 Bg7 3.Nc3 d6 4.Be3 a6 5.Qd2 b5 6.h4 h5 7.f3 Nd7 8.Nh3 Bb7 9.Ng5
Rc8 10.d5 c5 11.dxc6 Bxc6 12.Bd4 Ngf6 13.a4 Qa5 14.Nb1 Qxd2+ 15.Nxd2 bxa4
16.Bxa6 Ra8 17.Bc4 e6 18.Ba2 O-O 19.O-O-O d5 20.e5 Ne8 21.f4 Nc7 22.Bc3 Rfb8
23.Ndf3 Nb5 24.Bb4 a3 25.b3 Bf8 26.Be1 Bc5 27.Rd3 Bb6 28.b4 Bd8 29.Nd4 Nxd4
30.Rxd4 Bb6 31.Rd3 Bb5 32.Rg3 {#R} 0-1

[Event "ch-NED Junior 2017"]
[Site "Assen NED"]
[Date "2017.04.23"]
[Round "1.6"]
[White "Warmerdam,Max"]
[Black "Van Doren,Bas"]
[Result "1-0"]
[WhiteElo "2351"]
[BlackElo "1755"]

1.e4 c5 2.Nf3 Nc6 3.d4 cxd4 4.Nxd4 e5 5.Nb5 a6 6.Nd6+ Bxd6 7.Qxd6 Qf6 8.Qxf6
Nxf6 9.Nc3 Nb4 10.Bd3 d5 11.exd5 Nfxd5 12.Nxd5 Nxd5 13.Bd2 O-O 14.O-O-O Be6
15.Rhe1 f6 16.f4 Bg4 17.Bc4 Be6 18.fxe5 Rac8 19.Bb3 f5 20.Bb4 Rxc2+ 21.Kxc2
Nxb4+ 22.Kb1 Bxb3 23.axb3 Kf7 24.Rd7+ Kg6 25.Rxb7 Nd3 26.Re3 Nc5 27.Rg3+ Kh6
28.Rh3+ Kg6 29.Rb6+ Kf7 30.Rc3 Ne6 31.Rcc6 Re8 32.Rxa6 Re7 33.b4 Nf4 34.b5
Nxg2 35.b6 f4 36.Ra7 f3 37.Rxe7+ Kxe7 38.b7 f2 39.Rc1 Ne1 40.b8=Q {#r} 1-0

[Event "ch-NED Junior 2017"]
[Site "Assen NED"]
[Date "2017.04.23"]
[Round "1.7"]
[White "Bosma,Jan"]
[Black "Vereggen,L"]
[Result "0-1"]
[WhiteElo "1684"]
[BlackElo "2334"]

1.c4 e5 2.g3 Nc6 3.Nc3 f5 4.Nf3 Nf6 5.d4 e4 6.Nh4 g6 7.Bg5 Be7 8.e3 d6 9.Be2
Kf7 10.Rb1 h6 11.Bxf6 Bxf6 12.Ng2 Ne7 13.f3 exf3 14.Bxf3 c6 15.O-O Kg7 16.Nf4
Bd7 17.b4 Qg8 18.Qe2 Be8 19.Rfc1 Bf7 20.Nd1 h5 21.h4 g5 22.hxg5 Bxg5 23.Nxh5+
Kf8 24.Nf4 Bxf4 25.exf4 Qxg3+ 26.Kf1 Rh2 27.Nf2 Ng6 28.Rb3 Nxf4 29.Qd2 Qh4
30.Re1 Bxc4+ {#R} 0-1

[Event "ch-NED Junior 2017"]
[Site "Assen NED"]
[Date "2017.04.23"]
[Round "1.8"]
[White "Den Hartog,Marijn"]
[Black "Nieczyporowski,Miki"]
[Result "1-0"]
[WhiteElo "2227"]
[BlackElo "1616"]

1.g3 d5 2.Bg2 c5 3.d3 e5 4.Nf3 Nc6 5.O-O Nf6 6.e4 d4 7.Na3 Bd6 8.Nh4 O-O 9.Nf5
Bxf5 10.exf5 Re8 11.Re1 a6 12.Nc4 Bc7 13.Qf3 Nb4 14.Qd1 Rb8 15.Nd2 Bd6 16.a3
Nbd5 17.Ne4 Nxe4 18.Bxe4 Nf6 19.g4 Nxe4 20.Rxe4 f6 21.Kh1 b5 22.a4 c4 23.g5
fxg5 24.Qg4 {#r} 1-0

[Event "ch-NED Junior 2017"]
[Site "Assen NED"]
[Date "2017.04.23"]
[Round "1.11"]
[White "De Boer,Sipke"]
[Black "De Boer,Bas"]
[Result "0-1"]
[WhiteElo "1363"]
[BlackElo "2107"]

1.g3 c5 2.Bg2 Nc6 3.Nf3 g6 4.O-O Bg7 5.c4 e6 6.Nc3 Nge7 7.d3 O-O 8.a3 d5
9.cxd5 exd5 10.e3 h6 11.d4 cxd4 12.Nxd4 Nxd4 13.exd4 Be6 14.Be3 Nf5 15.Qd2 Qd7
16.Rac1 Rac8 17.Rc2 Rfe8 18.Ne2 Rxc2 19.Qxc2 Nxe3 20.fxe3 Bg4 21.Nc3 Rxe3
22.Nxd5 Re2 23.Qc5 b6 24.Qc4 Rxg2+ 25.Kxg2 Be6 26.Kg1 Bxd5 27.Qd3 Bc6 28.Rd1
Qd5 29.Rd2 Qh1+ 30.Kf2 Qxh2+ 31.Ke1 Qg1+ 32.Ke2 Bd7 33.Kf3 h5 {#R} 0-1

[Event "ch-RUS Junior Girls 2017"]
[Site "Loo RUS"]
[Date "2017.04.23"]
[Round "4.1"]
[White "Chernyak,Viktoria"]
[Black "Rodionova,Daria"]
[Result "1-0"]
[WhiteElo "2241"]
[BlackElo "2164"]

1.e4 c5 2.Ne2 d6 3.g3 Nc6 4.Bg2 g6 5.c3 Bg7 6.d4 cxd4 7.cxd4 Qb6 8.Nbc3 Nxd4
9.Nd5 Qc5 10.Nxd4 Bxd4 11.Be3 Bxe3 12.fxe3 Kf8 13.O-O Rb8 14.b4 Qc4 15.Rc1 Qa6
16.Qd4 e5 17.Qc3 Qc6 18.Qb3 Qe8 19.Qa3 a6 20.Qa5 Bd7 21.Qc7 Kg7 22.Qxd6 Bc6
23.Rc2 Rd8 24.Qc5 Rd7 25.Bh3 Rd8 26.Rcf2 h5 27.Nc7 Qe7 28.Qxe7 Nxe7 29.Rxf7+
{#r} 1-0

[Event "ch-RUS Junior Girls 2017"]
[Site "Loo RUS"]
[Date "2017.04.23"]
[Round "4.4"]
[White "Styazhkina,A"]
[Black "Bykova,Anastasia"]
[Result "1-0"]
[WhiteElo "2222"]
[BlackElo "2241"]

1.e4 e6 2.d4 d5 3.Nd2 c5 4.exd5 Qxd5 5.dxc5 Bxc5 6.Ngf3 Nf6 7.Bd3 O-O 8.Qe2
Nc6 9.O-O b6 10.Ne4 Bb7 11.c4 Qd7 12.Nxf6+ gxf6 13.Bh6 Rfd8 14.Rad1 Qc7 15.Qe4
f5 16.Qh4 Be7 17.Bg5 Re8 18.Rfe1 Rad8 19.Bxe7 Qxe7 20.Ng5 f6 21.Nxe6 Qxe6
22.Rxe6 Rxe6 23.f3 Red6 24.c5 Rd4 25.Bc4+ Kg7 26.Rxd4 Rxd4 27.Qg3+ Kh6 28.Bg8
Rd7 29.cxb6 axb6 30.Be6 Rd1+ 31.Kf2 Nd4 32.Qf4+ Kg6 33.Bxf5+ Nxf5 34.Qg4+ Kf7
35.Qxf5 Kg7 36.Qe6 {#r} 1-0

[Event "81st ch-BUL 2017"]
[Site "Montana BUL"]
[Date "2017.04.23"]
[Round "3.1"]
[White "Yanev,Tihomir"]
[Black "Nikolov,Mo"]
[Result "0-1"]
[WhiteElo "2371"]
[BlackElo "2557"]

1.d4 Nf6 2.c4 e6 3.Nc3 Bb4 4.Nf3 c5 5.e3 O-O 6.Bd3 d5 7.O-O dxc4 8.Bxc4 Nc6
9.Qd3 cxd4 10.exd4 Na5 11.Bb5 a6 12.Ba4 Bd7 13.Bxd7 Qxd7 14.Bg5 Bxc3 15.bxc3
Qd5 16.Bxf6 gxf6 17.Nd2 Rfd8 18.Rfe1 Kh8 19.Re4 f5 20.Rh4 Rg8 21.Qh3 Rxg2+
22.Qxg2 Rg8 23.Qg3 Nc4 24.Rd1 Nd6 25.a4 Qa2 26.Nf1 Ne4 27.Rxe4 fxe4 28.Re1 f5
29.Ne3 Qxa4 30.Kf1 Rxg3 31.hxg3 Qb3 32.Rc1 a5 33.Kg2 Qb2 34.Rc2 Qa1 35.d5 exd5
36.Rd2 Qxc3 37.Rxd5 a4 38.Nxf5 Kg8 39.Kh3 a3 {#R} 0-1

[Event "81st ch-BUL 2017"]
[Site "Montana BUL"]
[Date "2017.04.23"]
[Round "3.2"]
[White "Petrov,Vl5"]
[Black "Spasov,V"]
[Result "1-0"]
[WhiteElo "2353"]
[BlackElo "2534"]

1.e4 d5 2.exd5 Qxd5 3.Nc3 Qd6 4.g3 Nf6 5.Bg2 Nc6 6.Nf3 Bg4 7.h3 Bh5 8.O-O
O-O-O 9.d3 e5 10.Be3 Qd7 11.g4 Bg6 12.Nd2 h5 13.g5 Nh7 14.Nc4 f6 15.Qf3 Be7
16.Nb5 e4 17.dxe4 Nxg5 18.Bxg5 fxg5 19.e5 Kb8 20.Rad1 Qe6 21.Qb3 Bc5 22.Nbd6
Bb6 23.Nxb7 Rxd1 24.Rxd1 Nxe5 25.Nxe5 Qxe5 26.Nd8 Be4 27.Nf7 Qf4 28.Bxe4 Qxf2+
29.Kh1 Re8 30.Qd5 c6 31.Qxc6 Rxe4 32.Qxe4 Qxf7 33.Re1 Qxa2 34.Qe8+ Kb7 35.Qd7+
Ka6 36.Qc8+ Ka5 37.Re5+ Kb4 38.c3+ Ka4 39.Qa6+ Kb3 40.Rb5+ {#r} 1-0

[Event "81st ch-BUL 2017"]
[Site "Montana BUL"]
[Date "2017.04.23"]
[Round "3.5"]
[White "Petrov,Marij"]
[Black "Enchev,I"]
[Result "1-0"]
[WhiteElo "2465"]
[BlackElo "2482"]

1.e4 e5 2.Nc3 Nf6 3.g3 Nc6 4.Bg2 Bc5 5.Nge2 a6 6.h3 d6 7.d3 Be6 8.O-O h6 9.Kh2
Qe7 10.Nd5 Bxd5 11.exd5 Nd4 12.Nc3 Nf5 13.Ne4 Ba7 14.Qf3 Nxe4 15.dxe4 Nd4
16.Qd1 c6 17.a4 cxd5 18.exd5 O-O 19.c3 Nf5 20.Be4 Nh4 21.gxh4 f5 22.Bc2 Qxh4
23.Qf3 g5 24.Bxf5 Rf6 25.Be3 Raf8 26.Qg4 {#r} 1-0

[Event "1st Fischer Mem GM 2017"]
[Site "Heraklion GRE"]
[Date "2017.04.23"]
[Round "8.2"]
[White "Ristic,Nen"]
[Black "Goumas,G"]
[Result "0-1"]
[WhiteElo "2414"]
[BlackElo "2407"]

1.e4 e6 2.d4 d5 3.Nd2 c5 4.Ngf3 cxd4 5.Nxd4 Nf6 6.Bb5+ Bd7 7.Qe2 Bc5 8.Bxd7+
Nbxd7 9.N4b3 Bb6 10.O-O O-O 11.e5 Ne8 12.c4 Nc7 13.Nf3 dxc4 14.Qxc4 Nd5 15.Qe4
Re8 16.Bg5 Qb8 17.Rfe1 a5 18.Rad1 a4 19.Nbd2 Qa7 20.Bh4 a3 21.Ng5 f5 22.Qf3
Nf8 23.Nc4 axb2 24.Nd6 Qxa2 25.Nxe8 Rxe8 26.g4 Qc4 27.Nxe6 Nxe6 28.Qxd5 Qxg4+
29.Bg3 f4 30.Qb5 fxg3 31.Qxe8+ Nf8 32.hxg3 Qxg3+ 33.Kh1 Qf3+ 34.Kh2 Bxf2
35.Qc8 Bg3+ {#R} 0-1

[Event "1st Fischer Mem GM 2017"]
[Site "Heraklion GRE"]
[Date "2017.04.23"]
[Round "8.3"]
[White "Kapnisis,S"]
[Black "Mitsis,Georgios"]
[Result "1-0"]
[WhiteElo "2451"]
[BlackElo "2239"]

1.c4 e5 2.g3 d6 3.Nc3 f5 4.d4 Be7 5.Bh3 e4 6.f3 exf3 7.Nxf3 Nf6 8.O-O O-O 9.d5
Na6 10.Nd4 g6 11.Bh6 Re8 12.e4 Ng4 13.Bxg4 fxg4 14.Ne6 Bxe6 15.Qd4 {#r} 1-0

[Event "20th Heraklion Open 2017"]
[Site "Heraklion GRE"]
[Date "2017.04.23"]
[Round "8.2"]
[White "Maris,Io"]
[Black "Moshovakis,Aggelos"]
[Result "0-1"]
[WhiteElo "1967"]
[BlackElo "2030"]

1.e4 e5 2.Nf3 Nc6 3.Bc4 Bc5 4.c3 Nf6 5.d3 O-O 6.b4 Bb6 7.Bg5 h6 8.Bh4 d6
9.Nbd2 Be6 10.Qb3 Qe7 11.a4 a5 12.b5 Nb8 13.O-O Nbd7 14.Rad1 c6 15.Bxf6 Qxf6
16.d4 exd4 17.cxd4 Qg6 18.bxc6 bxc6 19.d5 cxd5 20.exd5 Bg4 21.h3 Bxf3 22.Nxf3
Rab8 23.Bb5 Bc5 24.Nd4 Bxd4 25.Rxd4 Rfc8 26.Rg4 Qf6 27.Qd1 Ne5 28.Re4 Qf5
29.Qe2 Rc5 30.f4 Ng6 31.Bc6 Qf6 32.Kh1 Rb2 33.Re8+ Kh7 34.Qe4 Rcc2 35.f5 Nh4
36.Rg1 Nxg2 37.Rb8 Re2 {#R} 0-1

[Event "20th Heraklion Open 2017"]
[Site "Heraklion GRE"]
[Date "2017.04.23"]
[Round "8.10"]
[White "Serpetsidakis,Nikolaos"]
[Black "Kouvidis,Ioannis"]
[Result "1-0"]
[WhiteElo "1994"]
[BlackElo "1387"]

1.d4 Nf6 2.Nf3 e6 3.e3 d5 4.Bd3 b6 5.O-O Bb7 6.b3 Be7 7.Bb2 O-O 8.Ne5 c5 9.Nd2
Nc6 10.a3 cxd4 11.exd4 Nxe5 12.dxe5 Nd7 13.Qg4 Nc5 14.b4 Nxd3 15.cxd3 a5 16.b5
Rc8 17.Qa4 Qd7 18.Rab1 Rc7 19.Qb3 Rfc8 20.Nf3 h6 21.h3 Bc5 22.d4 Be7 23.Nd2
Rc2 24.Qd3 Bxa3 25.Qxa3 Rxd2 26.Qg3 Rdc2 27.Bc1 Kh8 28.Be3 R8c4 29.Qh4 Rc8
30.g4 Qd8 31.Qh5 Kg8 32.g5 hxg5 33.Bxg5 Qf8 34.Qh4 Re2 35.Be7 Qe8 36.Rb3 Re4
37.Qg5 g6 38.Bf6 Qf8 39.f4 Kh7 40.Rg3 Qh6 41.Rg4 Qxg5 42.Bxg5 Rg8 43.Rh4+ Kg7
44.Bh6+ {#r} 1-0

[Event "20th Heraklion Open 2017"]
[Site "Heraklion GRE"]
[Date "2017.04.23"]
[Round "8.12"]
[White "Papidakis,Georgios"]
[Black "Sourgkounis,A"]
[Result "0-1"]
[WhiteElo "1618"]
[BlackElo "1960"]

1.d4 Nf6 2.Nf3 d6 3.Bg5 Ne4 4.Bh4 c6 5.Nbd2 Bf5 6.e3 Qb6 7.Nc4 Qc7 8.Bd3 d5
9.Ncd2 Nd7 10.O-O e6 11.c3 Bd6 12.Be2 h6 13.Rc1 b5 14.Bg3 Nxg3 15.hxg3 O-O
16.Ne1 e5 17.Bd3 e4 18.Be2 Be6 19.Nc2 Qd8 20.Nb4 Rc8 21.Nc2 Qg5 22.b3 Nf6
23.Re1 h5 24.Nf1 g6 25.a4 bxa4 26.bxa4 Kg7 27.Rb1 Rh8 28.Ba6 Rb8 29.Rxb8 Bxb8
30.Be2 h4 31.gxh4 Qxh4 32.f3 Bg3 33.Nxg3 Qxg3 34.Na3 Rh2 35.Bf1 Qh4 {#R} 0-1

[Event "PSS Prestige Rapid 2017"]
[Site "Johannesburg RSA"]
[Date "2017.04.23"]
[Round "8.4"]
[White "Alice,M"]
[Black "Pon,M"]
[Result "0-1"]
[WhiteElo "2173"]
[BlackElo "2165"]

1.Nf3 c5 2.g3 Nc6 3.Bg2 g6 4.d4 cxd4 5.Nxd4 Bg7 6.Nxc6 bxc6 7.O-O Rb8 8.c3 Nf6
9.e4 d6 10.e5 dxe5 11.Bxc6+ Bd7 12.Bg2 O-O 13.Re1 Qc7 14.Qe2 Ne8 15.Nd2 Nd6
16.Nf3 e4 17.Nd4 e5 18.Nc2 Bb5 19.Qd1 f5 20.a4 Bc4 21.Nb4 Rbd8 22.a5 Nb7
23.Qa4 Rd6 24.Be3 f4 25.Bxa7 e3 26.Bb6 Rxb6 27.axb6 exf2+ 28.Kxf2 Qxb6+ 29.Kf3
fxg3+ 30.Kg4 Rf4+ {#R} 0-1

[Event "PSS Prestige Rapid 2017"]
[Site "Johannesburg RSA"]
[Date "2017.04.23"]
[Round "8.5"]
[White "Makoto,R"]
[Black "Manan,Yoboue Hermann"]
[Result "1-0"]
[WhiteElo "2378"]
[BlackElo "2072"]

1.Nf3 Nf6 2.c4 g6 3.g3 Bg7 4.Bg2 O-O 5.O-O d6 6.d4 c5 7.Nc3 Na6 8.h3 Qb6 9.b3
Nh5 10.Nd5 Qd8 11.Bg5 f6 12.Be3 f5 13.Qd2 e6 14.Bg5 Nf6 15.Nxf6+ Bxf6 16.Bxf6
Qxf6 17.dxc5 dxc5 18.Rad1 Rb8 19.Qd6 Qg7 20.Rd2 Qc7 21.Rfd1 Re8 22.Ne5 Qxd6
23.Rxd6 Kf8 24.f4 Nb4 25.R1d2 Ke7 26.Nd7 Ra8 27.Nxc5 Nd5 28.Rxe6+ Bxe6 29.cxd5
Bd7 30.d6+ Kf7 31.Nxd7 Rad8 32.Ne5+ Ke6 33.d7 {#r} 1-0

[Event "PSS Prestige Rapid 2017"]
[Site "Johannesburg RSA"]
[Date "2017.04.23"]
[Round "8.7"]
[White "Paiva,Donaldo"]
[Black "Mosetlhe,K"]
[Result "0-1"]
[WhiteElo "2159"]
[BlackElo "2162"]

1.d4 Nf6 2.c4 e6 3.Nc3 Bb4 4.Qc2 d5 5.cxd5 exd5 6.Bg5 h6 7.Bxf6 Qxf6 8.e3 c6
9.Bd3 Qg5 10.g3 Nd7 11.O-O-O O-O 12.h4 Qe7 13.g4 Bxc3 14.Qxc3 c5 15.Bc2 c4
16.Ne2 b5 17.Nf4 Nb6 18.g5 h5 19.Nxh5 b4 20.Qd2 b3 21.Bb1 bxa2 22.Bxa2 Na4
23.Qc2 Qb4 24.Ng3 c3 25.b3 Qa3+ 26.Kb1 Nb2 27.Rdg1 Ba6 28.Qxc3 Nd3 29.Qd2 Rfc8
30.Ne2 Nb4 31.Nc1 Rc2 32.Qxc2 Nxc2 33.Kxc2 Bc8 34.Kb1 Bf5+ 35.Ka1 Rc8 {#R} 0-1

[Event "PSS Prestige Rapid 2017"]
[Site "Johannesburg RSA"]
[Date "2017.04.23"]
[Round "8.8"]
[White "Bornheim,C"]
[Black "Klaver,C"]
[Result "1-0"]
[WhiteElo "1968"]
[BlackElo "2117"]

1.d4 e6 2.c4 f5 3.g3 Nf6 4.Bg2 d5 5.Nf3 c6 6.O-O Bd6 7.b3 O-O 8.Ba3 Bxa3
9.Nxa3 Qd6 10.Nc2 Nbd7 11.Nce1 b6 12.Nd3 Ba6 13.Rc1 Rac8 14.Re1 Rfd8 15.Nfe5
c5 16.cxd5 exd5 17.dxc5 Nxc5 18.Qd2 Nfe4 19.Qb2 d4 20.Nxc5 bxc5 21.Nc4 Bxc4
22.Rxc4 Nc3 23.Qa3 Re8 24.Bf3 Ne4 25.Rd1 Qb6 26.b4 Qb5 27.Qb3 Nc3 28.Rxc3+ Kh8
29.Rxc5 Rxc5 30.bxc5 Qxc5 31.Qd5 Qc2 32.Rxd4 h6 33.Qf7 Rb8 34.Rd7 Qc3 35.Qxf5
{#r} 1-0

[Event "PSS Prestige Rapid 2017"]
[Site "Johannesburg RSA"]
[Date "2017.04.23"]
[Round "8.11"]
[White "Jurgensen,G"]
[Black "Parodi,A"]
[Result "1-0"]
[WhiteElo "2007"]
[BlackElo "2027"]

1.e4 e5 2.Nf3 Nf6 3.Nc3 Bb4 4.Bc4 O-O 5.d3 d5 6.exd5 Nxd5 7.Bd2 Nf4 8.g3 Ng6
9.Ng5 Nc6 10.Qh5 h6 11.Nxf7 Rxf7 12.Qxg6 Qf8 13.Ne4 Be7 14.O-O-O Nd4 15.c3 Nf5
16.f4 exf4 17.Bxf4 c5 18.Rhf1 Bd7 19.Be5 Kh8 20.Bxf7 {#r} 1-0

[Event "PSS Prestige Rapid 2017"]
[Site "Johannesburg RSA"]
[Date "2017.04.23"]
[Round "8.13"]
[White "Steyn,H"]
[Black "Ristovich,Dmitar S."]
[Result "0-1"]
[WhiteElo "1820"]
[BlackElo "2015"]

1.e4 c5 2.Nf3 Nc6 3.Bb5 g6 4.Bxc6 dxc6 5.d3 Bg7 6.Nc3 b6 7.O-O e5 8.a4 a5
9.Re1 f6 10.b3 Nh6 11.Bb2 O-O 12.Ne2 Ba6 13.Qd2 Rf7 14.Rad1 Rd7 15.Qc1 Nf7
16.Bc3 Qc7 17.Ng3 Nd8 18.Bb2 Ne6 19.Ne2 Rad8 20.g3 Rd6 21.Kg2 R8d7 22.Ba3 Qd8
23.h4 b5 24.Nd2 Bh6 25.Qa1 Bxd2 26.Rxd2 b4 27.Bb2 c4 28.bxc4 Bxc4 29.Red1 b3
30.Rc1 bxc2 31.Nc3 Bxd3 32.Ba3 Bxe4+ 33.Nxe4 Rxd2 34.Nxd2 Rxd2 35.Qa2 Qd5+
36.Qxd5 cxd5 37.Kf3 e4+ 38.Ke3 Rd3+ {#R} 0-1

[Event "PSS Prestige Rapid 2017"]
[Site "Johannesburg RSA"]
[Date "2017.04.23"]
[Round "8.14"]
[White "De Abreu,Roberto N"]
[Black "Tembo,Epah"]
[Result "1-0"]
[WhiteElo "2110"]
[BlackElo "1819"]

1.d4 d5 2.e3 g6 3.Bd3 Bg7 4.b3 b6 5.Bb2 Bb7 6.Qe2 Nd7 7.Nf3 e6 8.h4 h6 9.Nbd2
Ngf6 10.Rc1 Ne4 11.Bxe4 dxe4 12.Ne5 Nxe5 13.dxe5 Qd5 14.Rd1 O-O-O 15.O-O Qc6
16.Nc4 Rxd1 17.Rxd1 Rd8 18.h5 g5 19.Rd4 Rxd4 20.exd4 Kd8 21.Ne3 b5 22.Ba3 a5
23.Bc5 Bxe5 24.dxe5 Qxc5 25.Qd2+ Kc8 26.Ng4 Qd5 27.Qxd5 exd5 28.Nxh6 d4
29.Nxf7 d3 30.cxd3 exd3 31.Kf1 Bxg2+ 32.Ke1 g4 33.h6 Be4 34.Ng5 Bg6 35.h7 Bxh7
36.Nxh7 Kd7 37.Nf6+ {#r} 1-0

[Event "PSS Prestige Rapid 2017"]
[Site "Johannesburg RSA"]
[Date "2017.04.23"]
[Round "8.16"]
[White "Swartz,David"]
[Black "Simutowe,M"]
[Result "0-1"]
[WhiteElo "1724"]
[BlackElo "2198"]

1.e4 e6 2.d4 d5 3.exd5 exd5 4.Bd3 Bd6 5.c3 Nf6 6.Bg5 O-O 7.Ne2 Re8 8.h3 Nbd7
9.O-O c6 10.Nd2 Qc7 11.Rc1 b5 12.Re1 a6 13.Nf1 Ne4 14.Neg3 Nef6 15.Rxe8+ Nxe8
16.Qd2 Nf8 17.Nf5 Bxf5 18.Bxf5 f6 19.Bh4 Bf4 20.Ne3 g5 21.Bg3 Bxg3 22.fxg3
Qxg3 23.Rf1 Ra7 24.Rf3 Qb8 25.h4 h6 26.hxg5 hxg5 27.Ng4 Qd8 28.Nh6+ Kg7 29.Rh3
Nd6 30.Qe2 Re7 31.Qh5 Qe8 32.Qf3 Re1+ 33.Kh2 Qe2 34.Qg3 Qe7 35.Bd3 Qe6 36.Qxd6
Qxd6+ {#R} 0-1